| 000 | 01147nam0a2200349 4500 | ||
|---|---|---|---|
| 001 | RU\NLR\bibl\539716 | ||
| 005 | 20260408195054.0 | ||
| 010 |
_a5-16-001576-0 _92000 |
||
| 021 |
_aRU _b2004-7903 _9401 |
||
| 035 | _aRSL-KNO-002407739 | ||
| 035 | _a(NLR Aleph) 000531966 | ||
| 090 |
_a1358812 _c1358812 |
||
| 100 | _a20040316d2003 |||y0rusy50 ca | ||
| 101 | 0 | _arus | |
| 102 | _aRU | ||
| 105 | _ay ||||||||| | ||
| 106 | _ar | ||
| 200 | 1 | _aПрием на работу иностранных работников | |
| 210 |
_aМосква _cИнфра-М _d2003 |
||
| 215 |
_a31, [1] с. _d20 |
||
| 225 | 1 |
_aБиблиотека журнала "Трудовое право Российской Федерации" _vвып. 11 (92) |
|
| 606 |
_aИностранцы _xТрудовые права _yРоссийская Федерация _3RU\NLR\auth\661383993 _92312608 |
||
| 686 |
_aХ627.1,0 _2rubbk |
||
| 686 | _aХ627 | ||
| 686 | _aХ911.14 | ||
| 801 | 0 |
_aRU _bRuMoRKP _c20040316 _gPSBO |
|
| 801 | 1 |
_aRU _bRuMoRKP _c20040316 |
|
| 801 | 2 |
_aRU _bNLR _c20040713 _gPSBO |
|
| 942 | _cBOOK | ||
| 980 | _aNB | ||